| 000 | 00343nam a22001337a 4500 | ||
|---|---|---|---|
| 020 | _a0-7042-0079-1 | ||
| 082 | _a621.38804 SHA'O | ||
| 100 |
_aSHANE, JAY _977271 |
||
| 245 | _aON THE COLOUR TV SERVICE BENCH | ||
| 260 |
_aENGLAND _bFOULSHAM TAB _c1974 |
||
| 300 | _aVIII,192P | ||
| 650 |
_aON THE COLOUR TV SERVICE BENCH _977272 |
||
| 942 | _cBK | ||
| 999 |
_c582571 _d582571 |
||